THE 8051 MICRO CONTROLLER AND EMBEDDED SYSTEMS ASSEMBLY AND C / (Record no. 589710)

000 -LEADER
fixed length control field 00347nam a22001337a 4500
020 ## - INTERNATIONAL STANDARD BOOK NUMBER
Qualifying information PB.
040 ## - CATALOGING SOURCE
Transcribing agency FIZZA ISHAQ
082 ## - DEWEY DECIMAL CLASSIFICATION NUMBER
Classification number 004.165
Author Mark MAZ
100 ## - MAIN ENTRY--PERSONAL NAME
Personal name MAZIDI.
9 (RLIN) 91580
245 ## - TITLE STATEMENT
Title THE 8051 MICRO CONTROLLER AND EMBEDDED SYSTEMS ASSEMBLY AND C /
Statement of responsibility, etc. MAZIDI.
260 ## - PUBLICATION, DISTRIBUTION, ETC.
Place of publication, distribution, etc. NEW YORK ;
Name of publisher, distributor, etc. PEARSON,
Date of publication, distribution, etc. 2020.
300 ## - PHYSICAL DESCRIPTION
Extent 547 P. ;
942 ## - ADDED ENTRY ELEMENTS (KOHA)
Source of classification or shelving scheme
Koha item type Book
Holdings
Withdrawn status Lost status Source of classification or shelving scheme Damaged status Not for loan Permanent Location Current Location Date acquired Total Checkouts Full call number Barcode Date last seen Price effective from Koha item type
          NUST Baluchistan Campus (NBC) NUST Baluchistan Campus (NBC) 05/16/2022   004.165 MAZ Q-4108 05/16/2022 05/16/2022 Book
© 2023 Central Library, National University of Sciences and Technology. All Rights Reserved.